Statistics for 500 European Cities on a Map

Click here to take the quiz!

General Stats

  • This quiz has been taken 848 times
  • The average score is 192 of 500

Answers on the Map

Answers color-coded by a green-red scale on the quiz's map according to % correct below.
 

Answer Stats

PopulationCity% Correct
8,776,535London
94%
2,145,946Paris
92%
1,263,219Dublin
91%
3,277,451Madrid
91%
1,627,559Barcelona
90%
3,677,472Berlin
90%
709,037Oslo
90%
2,748,109Rome
90%
1,114,745Amsterdam
89%
3,168,846Athens
89%
664,028Helsinki
89%
545,796Lisbon
89%
1,345,562Copenhagen
88%
2,952,301Kyiv
88%
1,354,196Milan
88%
1,487,708Munich
88%
984,748Stockholm
88%
1,982,097Vienna
88%
631,690Glasgow
87%
506,552Liverpool
87%
470,411Manchester
87%
1,860,281Warsaw
87%
1,121,408Birmingham
86%
1,716,961Bucharest
86%
1,752,286Budapest
86%
505,310Edinburgh
86%
1,853,935Hamburg
86%
870,321Marseille
86%
913,462Naples
86%
340,000Belfast
85%
188,738Brussels
85%
522,228Lyon
85%
1,301,432Prague
85%
620,974Riga
85%
231,800Porto
84%
1,183,454Sofia
84%
437,817Tallinn
84%
250,369Venice
84%
663,592Zagreb
84%
1,197,714Belgrade
83%
1,995,471Minsk
83%
829,875Rotterdam
83%
134,441Bern
82%
788,842Valencia
82%
759,224Frankfurt
81%
343,477Nice
81%
348,363Sarajevo
81%
841,600Turin
81%
427,487Zurich
81%
1,073,096Cologne
80%
536,321Leeds
80%
630,167Palermo
80%
546,155Vilnius
80%
348,546Cardiff
79%
360,930Florence
79%
222,526Cork
78%
800,653Krakow
78%
286,468Newcastle
78%
203,757Geneva
77%
242,995Reykjavik
77%
530,630Antwerp
76%
259,809Bordeaux
76%
476,922Bratislava
76%
418,495Tirana
76%
558,745Genoa
75%
357,377Malmo
75%
486,022Gdansk
74%
598,841Gothenburg
74%
1,010,537Odessa
74%
806,635Thessaloniki
74%
284,293Ljubljana
73%
345,749Bilbao
72%
236,234Lille
72%
422,540Skopje
72%
626,275Stuttgart
72%
803,845The Hague
72%
498,003Toulouse
72%
196,220Aberdeen
71%
619,477Dusseldorf
71%
289,330Bergen
70%
532,513Chisinau
70%
555,351Dresden
70%
500,552Sheffield
70%
290,576Strasbourg
70%
425,232Bristol
69%
601,866Leipzig
69%
156,619Salzburg
69%
684,340Sevilla
69%
249,604Southampton
69%
128,494Luxembourg
67%
578,063Malaga
67%
299,797Nottingham
67%
170,798Oxford
67%
145,149Pristina
67%
901,645Donetsk
66%
510,632Nuremberg
66%
316,015Bari
65%
387,971Bologna
65%
563,290Bremen
65%
1,421,125Kharkiv
65%
150,977Podgorica
65%
149,830Split
65%
277,106Brighton
64%
717,273Lviv
64%
424,837Palma
64%
266,983Plymouth
64%
535,952Hannover
63%
320,732Nantes
63%
681,430Zaragoza
63%
152,725Cambridge
62%
406,588Leicester
62%
170,055Swansea
62%
141,671York
62%
586,852Dortmund
61%
579,432Essen
60%
255,588Verona
60%
285,273Aarhus
59%
131,358Innsbruck
59%
173,422Basel
58%
331,885Bonn
58%
139,456 | 342,461Brest
58%
382,520Utrecht
58%
298,479Graz
57%
670,642Lodz
56%
200,752Norwich
56%
198,417Trieste
56%
5,157Valletta
56%
398,510Brno
55%
299,096Montpellier
55%
233,680Granada
54%
223,312Portsmouth
54%
672,929Wroclaw
54%
195,278Liege
53%
222,485Rennes
52%
146,840Dundee
51%
298,795Eindhoven
51%
102,287Limerick
51%
88,737Pisa
51%
212,660Trondheim
51%
968,502Dnipro
50%
246,243Kiel
50%
249,070Aachen
49%
148,117Cagliari
49%
285,711Katowice
49%
311,831Mannheim
49%
298,762Catania
48%
546,859Poznan
48%
310,664Varna
48%
338,768Alicante
47%
286,598Cluj Napoca
47%
322,327Cordoba
47%
141,355Lausanne
47%
196,764Parma
47%
344,322Coventry
46%
159,106Dijon
46%
270,806Hull
46%
210,118Linz
46%
158,240Grenoble
45%
165,830Le Havre
45%
425,681Mariupol
45%
459,778Murcia
45%
260,438Novi Sad
45%
260,602Stoke
45%
396,168Szczecin
45%
242,140Uppsala
45%
149,056Blackpool
44%
85,910Galway
44%
213,705Groningen
44%
168,277Sunderland
44%
249,009Tampere
44%
234,015Wolverhampton
44%
296,478Augsburg
43%
118,509Brugge
43%
231,848Freiburg
43%
265,086Gent
43%
157,452Heraklion
43%
298,753Kaunas
43%
196,445Bournemouth
42%
243,511Northampton
42%
5,747Vaduz
42%
94,092Bath
41%
114,442Cadiz
41%
275,599Derby
41%
26,922Dubrovnik
41%
151,562Ipswich
41%
397,677Luhansk
41%
218,786Messina
41%
180,318Reims
41%
187,892San Sebastian
41%
119,862Aalborg
40%
334,002Bielefeld
40%
333,931Bradford
40%
146,543Braga
40%
126,156Exeter
40%
197,900Turku
40%
294,650Vigo
40%
50,566Ibiza
39%
118,250Maastricht
39%
217,556Mainz
39%
104,403Nancy
39%
203,596Pamplona
39%
319,612Plovdiv
39%
183,154Potsdam
39%
208,400Rostock
39%
114,187Rouen
39%
116,244Syracuse
39%
179,659Toulon
39%
297,370Valladolid
39%
19,659Andorra la Vella
38%
202,421Charleroi
38%
85,000Derry
38%
495,152Duisburg
38%
211,848Oulu
38%
203,808Reading
38%
179,634Saarbrucken
38%
305,274Espoo
37%
317,713Munster
37%
180,863Odense
37%
206,496Padua
37%
216,277Lubeck
36%
148,219Middlesbrough
36%
117,026Orleans
36%
85,254Toledo
36%
107,250Caen
35%
118,541Gloucester
35%
306,502Karlsruhe
35%
226,212Kosice
35%
233,498Luton
35%
120,211Metz
35%
119,354Bergamo
34%
263,688Constanta
34%
47,820Inverness
34%
146,011Stavanger
34%
137,850Tours
34%
201,432Debrecen
33%
104,565Lincoln
33%
282,450Ostrava
33%
174,007Plzen
33%
105,455Worcester
33%
363,441Bochum
32%
113,249Durres
32%
236,188Magdeburg
32%
96,302Maribor
32%
261,001Monchengladbach
32%
250,849Timisoara
32%
133,807Tiraspol
32%
92,742Chester
31%
334,681Lublin
31%
184,153Modena
31%
178,976Nis
31%
174,082St Etienne
31%
77,992Tromso
31%
126,949Ulm
31%
123,949Wolfsburg
31%
354,572Wuppertal
31%
196,446Brescia
30%
101,648Girona
30%
159,245Heidelberg
30%
172,000Santander
30%
97,798Santiago de Compostela
30%
106,655Coimbra
29%
49,360Faro
29%
204,570Haarlem
29%
279,131Kherson
29%
60,195Mostar
29%
147,496Nimes
29%
118,032Perpignan
29%
107,964Rijeka
29%
60,079Waterford
29%
184,073Bolton
28%
243,105Chemnitz
28%
130,900Colchester
28%
245,222Gdynia
28%
269,311Gijon
28%
501,802Gomel
28%
145,155Le Mans
28%
197,354Milton Keynes
28%
190,584Peterborough
28%
149,211Rimini
28%
118,046Trento
28%
135,059Banja Luka
27%
113,173Bremerhaven
27%
77,728Carlisle
27%
213,227Erfurt
27%
260,126Gelsenkirchen
27%
271,692Iasi
27%
122,398Leon
27%
163,851Leverkusen
27%
155,751Ravenna
27%
182,287Southend
27%
188,098Taranto
27%
95,190Tartu
27%
131,326Watford
27%
134,167Amiens
26%
154,880Breda
26%
337,666Bydgoszcz
26%
147,284Clermont Ferrand
26%
130,592Limoges
26%
217,164Oviedo
26%
143,549Salamanca
26%
110,570Trier
26%
155,876Angers
25%
110,245Arnhem
25%
83,184Como
25%
245,541Coruna
25%
165,034Osnabruck
25%
195,265Patras
25%
136,150Tarragona
25%
101,825Alkmaar
24%
200,273Almeria
24%
189,741Burgas
24%
183,872Getafe
24%
238,061Halle
24%
200,406Kassel
24%
152,008Klaipeda
24%
94,517Lecce
24%
152,914Livorno
24%
161,000Nijmegen
24%
127,186Salerno
24%
213,055Tilburg
24%
97,808Udine
24%
710,052Zaporizhia
24%
98,356Ancona
23%
138,016Ingolstadt
23%
213,616Jerez
23%
104,332Klagenfurt
23%
113,638Koblenz
23%
108,038Mulhouse
23%
170,389Oldenburg
23%
278,950Wiesbaden
23%
147,122Aix en Provence
22%
294,242Bialystok
22%
237,589Brasov
22%
81,074Daugavpils
22%
147,850Enschede
22%
145,114Jonkoping
22%
270,225Leiden
22%
166,673Linkoping
22%
149,032Marbella
22%
183,638Swindon
22%
106,107Bolzano
21%
159,631Darmstadt
21%
235,566Elche
21%
150,975Helsingborg
21%
120,175Lahti
21%
112,559Namur
21%
113,116Saint Denis
21%
76,906St Gallen
21%
67,309Zadar
21%
82,694Brindisi
20%
215,826Cartagena
20%
115,569Kristiansand
20%
265,003L'Hospitalet de Llobregat
20%
62,462Lugano
20%
83,822Luzern
20%
161,748Perugia
20%
118,657Pescara
20%
140,977Poole
20%
52,220Pula
20%
64,535Rovaniemi
20%
132,235Umea
20%
97,370Zwolle
20%
122,547Anderlecht
19%
131,766Annecy
19%
174,154Burgos
19%
144,651Larissa
19%
102,236Leuven
19%
145,120Norrkoping
19%
152,531Paderborn
19%
77,215Pau
19%
170,951Reggio Calabria
19%
242,819Vantaa
19%
126,933Wurzburg
19%
177,045Almere
18%
140,210Apeldoorn
18%
53,259Bodo
18%
248,823Brunswick
18%
129,340Ferrara
18%
99,292Kaiserslautern
18%
158,057Orebro
18%
252,953Vitoria
18%
118,258Besancon
17%
110,606Chelmsford
17%
358,717Grodno
17%
603,904Kryvyi Rih
17%
121,799Monza
17%
470,011Mykolaiv
17%
121,021Sassari
17%
151,048Badajoz
16%
98,359Cottbus
16%
145,348Foggia
16%
142,668Huelva
16%
28,560Lillehammer
16%
169,545Reggio Emilia
16%
160,766Szeged
16%
153,420Amersfoort
15%
221,750Badalona
15%
115,959Cheltenham
15%
221,235Dordrecht
15%
91,113Flensburg
15%
85,911Grimsby
15%
227,050Krefeld
15%
75,404La Rochelle
15%
92,460Leeuwarden
15%
96,545Mons
15%
208,752Oberhausen
15%
162,165s'Hertogenbosch
15%
158,653Vasteras
15%
359,148Vitebsk
15%
172,806Albacete
14%
123,435Algeciras
14%
234,140Craiova
14%
217,851Galati
14%
125,613Heilbronn
14%
145,887Jyvaskyla
14%
109,490Maidstone
14%
106,063Olomouc
14%
195,736Prato
14%
154,781Villeurbanne
14%
174,954Warrington
14%
116,872Winterthur
14%
88,525Chania
13%
282,747Chernihiv
13%
213,107Czestochowa
13%
103,291Drammen
13%
122,594Kuopio
13%
353,388Mogilev
13%
75,535Osijek
13%
85,119Prizren
13%
49,541Rhodes
13%
98,470Setubal
13%
76,000Shkoder
13%
156,896Telford
13%
84,607Treviso
13%
109,823Vicenza
13%
65,135Villach
13%
79,513Vlore
13%
172,637Castellon de la Plana
12%
127,564Latina
12%
53,955Narva
12%
104,578Ourense
12%
279,593Poltava
12%
30,176Corinth
11%
85,803Ioannina
11%
188,687Leganes
11%
38,818Ohrid
11%
201,601Radom
11%
124,787Ruse
11%
100,653Siauliai
11%
369,739Vinnytsia
11%
111,621Worthing
11%
62,130Aveiro
10%
97,930Balti
10%
69,287Bitola
10%
71,698Esbjerg
10%
40,373Evora
10%
22,423Kiruna
10%
77,741Kortrijk
10%
146,315Kragujevac
10%
68,200Liepaja
10%
150,596Logrono
10%
79,244Lulea
10%
56,970Niksic
10%
52,787Sanremo
10%
222,576Terrassa
10%
130,094Volos
10%
171,575Alcorcon
9%
38,127Chur
9%
21,950Keflavik
9%
208,632Mostoles
9%
82,927Presov
9%
120,911Boulogne
8%
13,338Budva
8%
59,625Kalamata
8%
84,736Konstanz
8%
61,714Ostersund
8%
81,219Zilina
8%
16,993Bangor
7%
192,612Fuenlabrada
7%
239,828Horlivka
7%
55,953Jelgava
7%
75,051Kumanovo
7%
13,852Torshavn
7%
124,065Zoetermeer
7%
57,812Alexandroupoli
6%
58,445Crotone
6%
44,135Drogheda
6%
37,605Kranj
6%
40,228Parnu
6%
60,570Viseu
6%
61,173Gotland
5%
24,457Newquay
5%
89,100Panevezys
5%
78,407Szombathely
5%
19,887Akureyri
4%
33,700Garmisch-Partenkirchen
4%
130,690Schaarbeek
4%
74,564Chalcis
3%
84,444Frederikstad
2%

Score Distribution

Percentile by Number Answered

Percent of People with Each Score

Your Score History

You have not taken this quiz